NATO Capitals with No Hints - Statistics

General Stats
  • This quiz has been taken 1,224 times
    1,190 since last reset
  • The average score is 28 of 32
Answer Stats
Country Capital % Correct
United Kingdom London
98%
Germany Berlin
97%
France Paris
97%
United States Washington D.C.
97%
Spain Madrid
96%
Norway Oslo
96%
Belgium Brussels
95%
Finland Helsinki
95%
Italy Rome
95%
Sweden Stockholm
95%
Portugal Lisbon
94%
Netherlands Amsterdam
93%
Greece Athens
93%
Canada Ottawa
93%
Denmark Copenhagen
92%
Poland Warsaw
92%
Hungary Budapest
91%
Czech Republic Prague
90%
Latvia Riga
88%
Romania Bucharest
87%
Estonia Tallinn
87%
Turkey Ankara
86%
Luxembourg Luxembourg
86%
Croatia Zagreb
86%
Bulgaria Sofia
85%
Iceland Reykjavik
83%
Lithuania Vilnius
83%
Slovakia Bratislava
82%
Slovenia Ljubljana
78%
Albania Tirana
78%
North Macedonia Skopje
71%
Montenegro Podgorica
65%
No matching quizzes found
Score Distribution
Percent of People with Each Score
Percentile by Number Answered
Your Score History
You have not taken this quiz since the last reset